000 00438nam a2200181Ia 4500
001 20941
005 20260306172843.0
008 260306t2007||||xx |||||||||||||| ||spa||
041 _aESP
082 _a343.8C6
_bH83
100 _aHuamaní Cueva, Rosendo, 1965-
_eAUT
245 0 _aCódigo tributario comentado
260 _c2007
300 _a992 páginas :
_c24 cm.
650 _aGEN
654 _aCCO
942 _cLIB
_dJUS
_fJUS
_2ddc
_n
999 _c20941
_d20941